| 000 | 00760nam0a22002171 4500 | ||
|---|---|---|---|
| 001 | rc\2995417 | ||
| 005 | 20250530005232.0 | ||
| 035 | _a(NLR Aleph) 007139179 | ||
| 090 |
_a7037933 _c7037933 |
||
| 100 | _a20110916d1935 |||y0rusy50 ca | ||
| 101 | 0 | _arus | |
| 102 | _aRU | ||
| 105 | _ay z ||||| | ||
| 200 | 1 |
_aДополнительный рабочий материал к вопросу _eНациональный вопрос для начальных школ по изучению ленинизма (к первому и второму занятию) |
|
| 210 |
_aБаку _cАзпартиздат _d1935 |
||
| 215 |
_a20 с. _d22 см |
||
| 801 | 0 |
_aRU _bNLR _gpsbo |
|
| 801 | 1 |
_aRU _bELAR _2rusmarc |
|
| 852 |
_aNLR _j35-11/2190 |
||
| 942 | _cBOOK | ||
| 980 | _aNB | ||